[Event "ChampionshipRT"]
[Site "?"]
[Date "2015.10.07"]
[Round "6.2"]
[White "Nizamov, Ildar"]
[Black "Murtazin, Bulat"]
[Result "1-0"]
[LiveChessVersion "1.4.6"]
[BlackElo "2384"]
[WhiteElo "2286"]

1. Nf3 {[%clk 1:30:30]} Nf6 {[%clk 1:28:57]} 2. g3 {[%clk 1:30:14]} d5
{[%clk 1:29:15]} 3. Bg2 {[%clk 1:30:22]} e6 {[%clk 1:27:53]} 4. O-O
{[%clk 1:29:16]} Be7 {[%clk 1:27:47]} 5. c4 {[%clk 1:17:09]} O-O {[%clk 1:24:39]}
6. d4 {[%clk 1:12:09]} dxc4 {[%clk 1:23:28]} 7. Ne5 {[%clk 1:10:29]} Nc6
{[%clk 1:21:13]} 8. Bxc6 {[%clk 1:01:36]} bxc6 {[%clk 1:21:39]} 9. Nxc6
{[%clk 1:01:52]} Qe8 {[%clk 1:20:59]} 10. Nxe7+ {[%clk 1:00:58]} Qxe7
{[%clk 1:21:24]} 11. Na3 {[%clk 0:44:56]} Rd8 {[%clk 1:18:04]} 12. Qc2
{[%clk 0:44:28]} c5 {[%clk 0:58:33]} 13. dxc5 {[%clk 0:43:38]} Qxc5
{[%clk 0:58:57]} 14. Qxc4 {[%clk 0:41:22]} Qh5 {[%clk 0:59:20]} 15. f3
{[%clk 0:41:39]} a5 {[%clk 0:49:02]} 16. Qf4 {[%clk 0:13:39]} Ba6
{[%clk 0:46:21]} 17. Re1 {[%clk 0:14:07]} Rab8 {[%clk 0:39:01]} 18. b3
{[%clk 0:11:00]} e5 {[%clk 0:27:47]} 19. Qg5 {[%clk 0:10:27]} Qh3
{[%clk 0:28:14]} 20. Nc4 {[%clk 0:09:13]} Qe6 {[%clk 0:07:20]} 21. Ba3
{[%clk 0:07:35]} h6 {[%clk 0:06:41]} 22. Qe3 {[%clk 0:07:18]} e4 {[%clk 0:04:45]}
23. Rac1 {[%clk 0:06:25]} a4 {[%clk 0:02:57]} 24. Bb2 {[%clk 0:02:07]} Re8
{[%clk 0:01:59]} 25. Bxf6 {[%clk 0:01:52]} Qxf6 {[%clk 0:02:27]} 26. f4
{[%clk 0:02:11]} axb3 {[%clk 0:02:11]} 27. axb3 {[%clk 0:02:40]} Re6
{[%clk 0:00:43]} 28. Red1 {[%clk 0:03:03]} Qe7 {[%clk 0:00:47]} 29. Rd4
{[%clk 0:01:56]} Qb7 {[%clk 0:00:43]} 30. Na5 {[%clk 0:01:54]} Qb6
{[%clk 0:01:09]} 31. b4 {[%clk 0:02:10]} f5 {[%clk 0:00:40]} 32. Kf2
{[%clk 0:02:27]} Kh7 {[%clk 0:00:59]} 33. Rc5 {[%clk 0:02:45]} Rc8
{[%clk 0:00:41]} 34. Rxc8 Bxc8 35. Nb3 {[%clk 0:01:24]} Re7 {[%clk 0:00:52]} 36.
Rc4 {[%clk 0:01:15]} Qe6 {[%clk 0:01:00]} 37. Rc5 {[%clk 0:01:25]} Rb7
{[%clk 0:00:32]} 38. Nd4 {[%clk 0:01:54]} Qd7 {[%clk 0:00:42]} 39. Qc3
{[%clk 0:01:48]} e3+ {[%clk 0:00:50]} 40. Kxe3 {[%clk 0:02:03]} Qe8+
{[%clk 0:00:53]} 41. Kf2 {[%clk 0:02:28]} Bd7 {[%clk 0:00:38]} 42. Rc7
{[%clk 0:02:40]} Qh5 {[%clk 0:00:36]} 43. Rxb7 {[%clk 0:02:00]} Qxh2+
{[%clk 0:00:49]} 44. Ke3 {[%clk 0:02:17]} Qxg3+ {[%clk 0:01:14]} 45. Nf3
{[%clk 0:02:33]} Be6 {[%clk 0:01:05]} 46. b5 {[%clk 0:02:39]} Bd5
{[%clk 0:01:28]} 47. Rd7 {[%clk 0:03:06]} Bxf3 {[%clk 0:01:36]} 48. Qxg7+
{[%clk 0:02:59]} Qxg7 {[%clk 0:01:57]} 49. Rxg7+ {[%clk 0:03:27]} 1-0

[Event "ChampionshipRT"]
[Site "?"]
[Date "2015.10.07"]
[Round "6.3"]
[White "Yandemirov, Valeri"]
[Black "Pavlov, Denis"]
[Result "1-0"]
[LiveChessVersion "1.4.6"]
[BlackElo "2284"]
[WhiteElo "2376"]

1. e4 {[%clk 1:30:57]} c5 {[%clk 1:30:39]} 2. Nf3 {[%clk 1:31:18]} Nc6
{[%clk 1:31:04]} 3. Bb5 {[%clk 1:31:45]} g6 {[%clk 1:31:19]} 4. O-O
{[%clk 1:30:46]} Bg7 {[%clk 1:30:46]} 5. c3 {[%clk 1:30:47]} Nf6 {[%clk 1:30:44]}
6. Re1 {[%clk 1:31:10]} O-O {[%clk 1:30:14]} 7. e5 {[%clk 1:31:24]} Nd5
{[%clk 1:29:39]} 8. d4 {[%clk 1:31:49]} cxd4 {[%clk 1:28:57]} 9. cxd4
{[%clk 1:32:14]} d6 {[%clk 1:28:50]} 10. Nc3 {[%clk 1:32:08]} Nxc3
{[%clk 1:23:35]} 11. bxc3 {[%clk 1:32:34]} Na5 {[%clk 1:13:00]} 12. exd6
{[%clk 1:16:23]} exd6 {[%clk 1:05:38]} 13. Bg5 {[%clk 1:06:20]} f6
{[%clk 1:04:22]} 14. Bf4 {[%clk 1:04:55]} d5 {[%clk 1:02:46]} 15. Nd2
{[%clk 1:01:04]} Bd7 {[%clk 0:54:22]} 16. Bf1 {[%clk 0:53:40]} Be8
{[%clk 0:38:16]} 17. Nb3 {[%clk 0:46:42]} Nxb3 {[%clk 0:30:47]} 18. Qxb3
{[%clk 0:41:38]} Bc6 {[%clk 0:30:52]} 19. c4 {[%clk 0:38:18]} Qb6
{[%clk 0:28:49]} 20. c5 {[%clk 0:30:05]} Qa5 {[%clk 0:27:49]} 21. Re7
{[%clk 0:25:46]} Rfe8 {[%clk 0:26:07]} 22. Rxb7 {[%clk 0:25:09]} Bxb7
{[%clk 0:23:38]} 23. Qxb7 {[%clk 0:25:34]} f5 {[%clk 0:23:24]} 24. Rd1
{[%clk 0:15:44]} Qxa2 {[%clk 0:22:17]} 25. c6 {[%clk 0:15:36]} a5
{[%clk 0:17:36]} 26. Rd2 {[%clk 0:12:27]} Qa1 {[%clk 0:17:48]} 27. c7
{[%clk 0:12:52]} a4 {[%clk 0:17:27]} 28. Re2 {[%clk 0:09:57]} Qc3
{[%clk 0:10:57]} 29. Qxd5+ {[%clk 0:06:01]} Kh8 {[%clk 0:10:55]} 30. Rxe8+
{[%clk 0:06:12]} Rxe8 {[%clk 0:11:52]} 31. Qd7 {[%clk 0:06:17]} Rg8
{[%clk 0:12:00]} 32. Qxa4 {[%clk 0:05:15]} Bxd4 {[%clk 0:12:00]} 33. Qc4
{[%clk 0:05:30]} Re8 {[%clk 0:10:54]} 34. g3 {[%clk 0:03:33]} g5 {[%clk 0:09:59]}
35. Bd6 {[%clk 0:03:09]} Qd2 {[%clk 0:08:09]} 36. Be5+ {[%clk 0:01:49]} Bxe5
{[%clk 0:08:33]} 37. c8=Q {[%clk 0:02:02]} Rxc8 {[%clk 0:08:52]} 38. Qxc8+
{[%clk 0:02:28]} Kg7 {[%clk 0:09:16]} 39. Qxf5 {[%clk 0:02:53]} Bd4
{[%clk 0:08:57]} 40. Kg2 {[%clk 0:03:10]} h6 {[%clk 0:08:21]} 41. Bd3
{[%clk 0:02:24]} Qc3 {[%clk 0:05:03]} 42. Qg6+ {[%clk 0:02:36]} Kf8
{[%clk 0:05:31]} 43. Qxh6+ {[%clk 0:02:28]} Bg7 {[%clk 0:06:00]} 44. Qd6+
{[%clk 0:02:51]} Kg8 {[%clk 0:06:23]} 45. Qe6+ {[%clk 0:02:11]} Kf8
{[%clk 0:06:45]} 46. Bg6 {[%clk 0:02:32]} 1-0

[Event "ChampionshipRT"]
[Site "?"]
[Date "2015.10.07"]
[Round "6.4"]
[White "Suleimanov, Albert"]
[Black "Makhmutov, Rail"]
[Result "0-1"]
[LiveChessVersion "1.4.6"]
[BlackElo "2461"]
[WhiteElo "2033"]

1. d4 {[%clk 1:30:59]} Nf6 {[%clk 1:30:54]} 2. c4 {[%clk 1:31:25]} c5
{[%clk 1:31:18]} 3. d5 {[%clk 1:31:51]} b5 {[%clk 1:31:43]} 4. cxb5
{[%clk 1:32:17]} a6 {[%clk 1:32:09]} 5. bxa6 {[%clk 1:32:43]} g6 {[%clk 1:32:35]}
6. Nc3 {[%clk 1:33:03]} Bg7 {[%clk 1:32:59]} 7. Nf3 {[%clk 1:33:14]} O-O
{[%clk 1:33:19]} 8. e4 {[%clk 1:33:25]} Qa5 {[%clk 1:33:40]} 9. Bd2
{[%clk 1:30:30]} Bxa6 {[%clk 1:33:51]} 10. Bxa6 {[%clk 1:30:23]} Qxa6
{[%clk 1:34:15]} 11. Qe2 {[%clk 1:30:09]} e6 {[%clk 1:33:03]} 12. Qxa6
{[%clk 1:27:47]} Nxa6 {[%clk 1:32:48]} 13. O-O {[%clk 1:16:14]} exd5
{[%clk 1:32:35]} 14. e5 {[%clk 1:15:42]} Ne4 {[%clk 1:19:31]} 15. Nxd5
{[%clk 1:15:51]} Nxd2 {[%clk 1:19:40]} 16. Nxd2 {[%clk 1:16:17]} Bxe5
{[%clk 1:20:00]} 17. Nc4 {[%clk 1:16:04]} Bd4 {[%clk 1:19:26]} 18. Rad1
{[%clk 1:05:57]} Rfb8 {[%clk 1:13:23]} 19. Ndb6 {[%clk 0:59:27]} Ra7
{[%clk 1:12:55]} 20. a4 {[%clk 0:58:50]} Nb4 {[%clk 1:10:44]} 21. a5
{[%clk 0:53:22]} d5 {[%clk 1:08:39]} 22. Nd6 {[%clk 0:45:54]} Rxa5
{[%clk 0:50:23]} 23. Nd7 {[%clk 0:46:13]} Ra6 {[%clk 0:40:19]} 24. Nxb8
{[%clk 0:40:53]} Rxd6 {[%clk 0:40:24]} 25. Ra1 {[%clk 0:38:14]} Bxb2
{[%clk 0:40:38]} 26. Ra7 {[%clk 0:32:49]} c4 {[%clk 0:35:24]} 27. Nd7
{[%clk 0:24:41]} c3 {[%clk 0:27:24]} 28. Ne5 {[%clk 0:19:59]} c2 {[%clk 0:23:15]}
29. Nxf7 {[%clk 0:19:49]} Re6 {[%clk 0:21:01]} 30. Ng5 {[%clk 0:18:26]} Ra6
{[%clk 0:20:01]} 31. Rc7 {[%clk 0:16:31]} Rc6 {[%clk 0:20:09]} 32. Rxc6
{[%clk 0:15:49]} Nxc6 {[%clk 0:20:33]} 0-1

[Event "ChampionshipRT"]
[Site "?"]
[Date "2015.10.07"]
[Round "6.5"]
[White "Zlachevskiy, Leonid"]
[Black "Sharafiev, Azat"]
[Result "0-1"]
[LiveChessVersion "1.4.6"]
[BlackElo "2419"]
[WhiteElo "2071"]

1. e4 {[%clk 1:30:29]} c6 {[%clk 1:30:11]} 2. d4 {[%clk 1:30:23]} d5
{[%clk 1:30:31]} 3. Nc3 {[%clk 1:28:45]} dxe4 {[%clk 1:29:46]} 4. Nxe4
{[%clk 1:29:10]} Nf6 {[%clk 1:30:11]} 5. Nxf6+ {[%clk 1:26:14]} gxf6
{[%clk 1:28:10]} 6. Be3 {[%clk 1:25:25]} Bf5 {[%clk 1:27:30]} 7. Ne2
{[%clk 1:23:19]} e6 {[%clk 1:26:43]} 8. Ng3 {[%clk 1:23:21]} Bg6 {[%clk 1:26:57]}
9. Bd3 {[%clk 1:18:22]} Nd7 {[%clk 1:26:59]} 10. O-O {[%clk 1:18:08]} Qc7
{[%clk 1:25:03]} 11. c4 {[%clk 1:07:24]} O-O-O {[%clk 1:21:08]} 12. Bxg6
{[%clk 1:04:15]} hxg6 {[%clk 1:21:23]} 13. Qa4 {[%clk 1:04:01]} f5
{[%clk 1:17:12]} 14. f4 {[%clk 1:02:40]} Nb6 {[%clk 1:14:09]} 15. Qc2
{[%clk 1:02:46]} Kb8 {[%clk 1:10:42]} 16. a4 {[%clk 0:59:49]} Nd7
{[%clk 1:10:28]} 17. Rf3 {[%clk 0:55:11]} Nf6 {[%clk 1:10:13]} 18. h3
{[%clk 0:55:05]} c5 {[%clk 1:09:50]} 19. Rd1 {[%clk 0:52:50]} cxd4
{[%clk 1:07:27]} 20. Rxd4 {[%clk 0:52:37]} Bc5 {[%clk 1:06:52]} 21. Rxd8+
{[%clk 0:52:39]} Rxd8 {[%clk 1:07:19]} 22. Qf2 {[%clk 0:50:18]} Rd1+
{[%clk 1:04:22]} 23. Kh2 {[%clk 0:48:32]} Qd8 {[%clk 1:02:44]} 24. Qe2
{[%clk 0:42:40]} Ng4+ {[%clk 1:02:35]} 25. hxg4 {[%clk 0:43:05]} Qh4#
{[%clk 1:03:02]} 0-1

[Event "ChampionshipRT"]
[Site "?"]
[Date "2015.10.07"]
[Round "6.6"]
[White "Faizrakhmanov, Ramil"]
[Black "Garafutdinov, Ainur"]
[Result "1-0"]
[LiveChessVersion "1.4.6"]
[BlackElo "1998"]
[WhiteElo "2389"]

1. d4 {[%clk 1:29:27]} f5 {[%clk 1:30:57]} 2. Bg5 {[%clk 1:27:54]} Nf6
{[%clk 1:29:56]} 3. Bxf6 {[%clk 1:27:31]} exf6 {[%clk 1:30:24]} 4. e3
{[%clk 1:27:41]} d5 {[%clk 1:30:36]} 5. Bd3 {[%clk 1:27:16]} g6 {[%clk 1:30:50]}
6. h4 {[%clk 1:27:10]} h5 {[%clk 1:30:29]} 7. Nh3 {[%clk 1:25:10]} Be6
{[%clk 1:30:33]} 8. Nf4 {[%clk 1:22:27]} Bf7 {[%clk 1:31:03]} 9. Qf3
{[%clk 1:20:41]} c6 {[%clk 1:30:33]} 10. Nd2 {[%clk 1:20:26]} Qa5
{[%clk 1:25:37]} 11. c3 {[%clk 1:18:52]} Nd7 {[%clk 1:21:18]} 12. a4
{[%clk 1:18:21]} Bd6 {[%clk 1:20:14]} 13. b4 {[%clk 1:15:01]} Qc7
{[%clk 1:20:27]} 14. Nb3 {[%clk 1:11:57]} O-O-O {[%clk 1:15:05]} 15. Ne2
{[%clk 1:08:31]} Rhe8 {[%clk 1:13:06]} 16. g3 {[%clk 1:06:27]} Ne5
{[%clk 1:08:41]} 17. dxe5 {[%clk 1:05:41]} fxe5 {[%clk 1:09:09]} 18. Qg2
{[%clk 0:48:02]} d4 {[%clk 1:08:41]} 19. Nbc1 {[%clk 0:48:03]} dxc3
{[%clk 1:02:33]} 20. e4 {[%clk 0:45:47]} Bxb4 {[%clk 0:58:20]} 21. O-O
{[%clk 0:45:58]} Be6 {[%clk 0:55:28]} 22. Qf3 {[%clk 0:44:43]} Qf7
{[%clk 0:53:34]} 23. Rb1 {[%clk 0:41:42]} a5 {[%clk 0:51:58]} 24. Bc2
{[%clk 0:40:20]} f4 {[%clk 0:44:04]} 25. Bb3 {[%clk 0:38:17]} Bxb3
{[%clk 0:43:57]} 26. Rxb3 {[%clk 0:37:42]} g5 {[%clk 0:35:44]} 27. Nxc3
{[%clk 0:36:23]} gxh4 {[%clk 0:34:47]} 28. gxf4 {[%clk 0:36:23]} Rg8+
{[%clk 0:29:58]} 29. Kh1 {[%clk 0:36:40]} Rg4 {[%clk 0:28:46]} 30. N3e2
{[%clk 0:36:30]} exf4 {[%clk 0:27:58]} 31. Rd3 {[%clk 0:36:15]} Rdg8
{[%clk 0:26:26]} 32. Nd4 {[%clk 0:36:03]} Qg6 {[%clk 0:21:22]} 33. Nce2
{[%clk 0:36:01]} Re8 {[%clk 0:19:41]} 34. Nf5 {[%clk 0:34:58]} Qe6
{[%clk 0:19:48]} 35. Rfd1 {[%clk 0:29:06]} h3 {[%clk 0:15:33]} 36. Nxf4
{[%clk 0:27:12]} Qe5 {[%clk 0:14:51]} 37. Nxh5 {[%clk 0:25:34]} Rxe4
{[%clk 0:14:37]} 38. Qxh3 {[%clk 0:24:16]} Re1+ {[%clk 0:13:52]} 39. Rxe1
{[%clk 0:24:10]} Qxe1+ {[%clk 0:14:21]} 40. Kg2 {[%clk 0:24:19]} Kb8
{[%clk 0:14:09]} 41. Nf6 {[%clk 0:22:58]} Rc8 {[%clk 0:13:25]} 42. Qh7
{[%clk 0:19:54]} Qe2 {[%clk 0:12:25]} 43. Rd7 {[%clk 0:19:07]} Qa6
{[%clk 0:12:54]} 44. Qf7 {[%clk 0:18:57]} Ka8 {[%clk 0:11:47]} 45. Qe6
{[%clk 0:18:20]} Rb8 {[%clk 0:11:48]} 46. Ne8 {[%clk 0:17:46]} Ka7
{[%clk 0:12:00]} 47. Nd4 {[%clk 0:18:04]} 1-0

[Event "ChampionshipRT"]
[Site "?"]
[Date "2015.10.07"]
[Round "6.7"]
[White "Rodchenkov, Vitaly"]
[Black "Glukhov, Alexander"]
[Result "0-1"]
[LiveChessVersion "1.4.6"]
[BlackElo "2287"]
[WhiteElo "2327"]

1. e4 {[%clk 1:30:57]} c5 {[%clk 1:16:51]} 2. g3 {[%clk 1:30:58]} d5
{[%clk 1:16:06]} 3. exd5 {[%clk 1:31:17]} Qxd5 {[%clk 1:16:32]} 4. Nf3
{[%clk 1:31:35]} Bg4 {[%clk 1:11:49]} 5. Bg2 {[%clk 1:31:40]} Qe6+
{[%clk 1:12:04]} 6. Kf1 {[%clk 1:32:01]} Bh3 {[%clk 1:12:29]} 7. d3
{[%clk 1:30:14]} Nf6 {[%clk 1:03:14]} 8. Be3 {[%clk 1:29:26]} Nbd7
{[%clk 1:03:38]} 9. Ng5 {[%clk 1:22:24]} Bxg2+ {[%clk 0:56:59]} 10. Kxg2
{[%clk 1:22:52]} Qa6 {[%clk 0:56:26]} 11. Nd2 {[%clk 1:21:46]} e6
{[%clk 0:55:37]} 12. Re1 {[%clk 1:21:34]} Be7 {[%clk 0:55:27]} 13. a4
{[%clk 1:20:22]} O-O {[%clk 0:54:23]} 14. Nc4 {[%clk 1:18:30]} Nd5
{[%clk 0:50:34]} 15. Bd2 {[%clk 1:14:30]} Qc6 {[%clk 0:40:00]} 16. Kg1
{[%clk 1:10:55]} h6 {[%clk 0:38:41]} 17. Ne4 {[%clk 1:10:51]} Rae8
{[%clk 0:35:13]} 18. Nc3 {[%clk 1:03:47]} Nb4 {[%clk 0:32:39]} 19. Bf4
{[%clk 1:01:17]} Nd5 {[%clk 0:31:59]} 20. Bd2 {[%clk 0:55:50]} Nb4
{[%clk 0:31:57]} 21. Bf4 {[%clk 0:53:45]} Nd5 {[%clk 0:29:22]} 22. Nxd5
{[%clk 0:51:40]} exd5 {[%clk 0:27:05]} 23. Ne3 {[%clk 0:49:11]} Bf6
{[%clk 0:23:55]} 24. c4 {[%clk 0:08:44]} Bxb2 {[%clk 0:14:20]} 25. Rb1
{[%clk 0:05:34]} Bc3 {[%clk 0:10:23]} 26. cxd5 {[%clk 0:05:57]} Qa6
{[%clk 0:08:31]} 27. Re2 {[%clk 0:06:23]} Be5 {[%clk 0:06:10]} 28. Bxe5
{[%clk 0:04:08]} Nxe5 {[%clk 0:05:49]} 29. Nc4 {[%clk 0:03:13]} Nf3+
{[%clk 0:02:47]} 30. Kg2 {[%clk 0:03:41]} Nd4 {[%clk 0:03:16]} 31. Re3
{[%clk 0:02:52]} b6 {[%clk 0:02:51]} 32. Rxe8 {[%clk 0:00:48]} Rxe8
{[%clk 0:03:20]} 33. Qh5 {[%clk 0:01:17]} Qxa4 {[%clk 0:02:18]} 34. Nd6
{[%clk 0:01:35]} Rf8 {[%clk 0:02:41]} 35. Qg4 {[%clk 0:00:52]} Qa2
{[%clk 0:02:48]} 0-1

[Event "ChampionshipRT"]
[Site "?"]
[Date "2015.10.07"]
[Round "6.8"]
[White "Ospennikov, Dmitry V"]
[Black "Chupakhin, Evgeny"]
[Result "1-0"]
[LiveChessVersion "1.4.6"]
[BlackElo "2042"]
[WhiteElo "2296"]

1. c4 {[%clk 1:20:58]} Nf6 {[%clk 1:30:16]} 2. Nc3 e6 {[%clk 1:30:00]} 3. d4
{[%clk 1:17:48]} Bb4 {[%clk 1:30:12]} 4. g3 {[%clk 1:17:19]} d5 {[%clk 1:27:07]}
5. Bg2 {[%clk 1:15:42]} c6 {[%clk 1:27:19]} 6. cxd5 {[%clk 1:15:42]} cxd5
{[%clk 1:27:14]} 7. Nf3 {[%clk 1:15:54]} Nc6 {[%clk 1:26:30]} 8. O-O
{[%clk 1:16:10]} O-O {[%clk 1:26:53]} 9. Bf4 {[%clk 1:15:00]} a6 {[%clk 1:24:41]}
10. Rc1 {[%clk 1:15:01]} Qb6 {[%clk 1:21:54]} 11. Na4 {[%clk 1:11:09]} Qa5
{[%clk 1:18:50]} 12. a3 {[%clk 1:09:00]} Be7 {[%clk 1:19:12]} 13. b4
{[%clk 1:05:22]} Qd8 {[%clk 1:17:22]} 14. Nc5 {[%clk 1:05:27]} Nd7
{[%clk 1:14:17]} 15. Qb3 {[%clk 1:02:09]} Nxc5 {[%clk 1:06:52]} 16. dxc5
{[%clk 1:02:01]} b5 {[%clk 1:05:24]} 17. cxb6 {[%clk 1:00:29]} Qxb6
{[%clk 1:05:01]} 18. Be3 {[%clk 0:58:56]} Qb5 {[%clk 0:58:06]} 19. Bc5
{[%clk 0:51:33]} Bd7 {[%clk 0:44:27]} 20. Ne5 {[%clk 0:48:00]} Nxe5
{[%clk 0:41:25]} 21. Bxe7 {[%clk 0:48:20]} Rfc8 {[%clk 0:41:37]} 22. Qe3
{[%clk 0:42:40]} Nc4 {[%clk 0:39:25]} 23. Qd3 {[%clk 0:42:48]} Ne5
{[%clk 0:31:31]} 24. Qe3 {[%clk 0:39:56]} Nc4 {[%clk 0:31:56]} 25. Qc3
{[%clk 0:39:41]} Nd6 {[%clk 0:26:15]} 26. Qf3 {[%clk 0:39:20]} Nf5
{[%clk 0:24:49]} 27. Bc5 {[%clk 0:39:30]} Bc6 {[%clk 0:18:36]} 28. Qg4
{[%clk 0:35:43]} Qb7 {[%clk 0:18:36]} 29. e3 {[%clk 0:34:52]} Rc7
{[%clk 0:17:37]} 30. Rfe1 {[%clk 0:33:29]} Rd8 {[%clk 0:17:03]} 31. Qf4
{[%clk 0:33:35]} Rcd7 {[%clk 0:16:57]} 32. h4 {[%clk 0:32:58]} Nd6
{[%clk 0:16:22]} 33. h5 {[%clk 0:30:47]} h6 {[%clk 0:16:46]} 34. Bd4
{[%clk 0:29:20]} f6 {[%clk 0:15:55]} 35. Qg4 {[%clk 0:28:43]} e5 {[%clk 0:14:40]}
36. Bb2 {[%clk 0:27:29]} Nc4 {[%clk 0:14:35]} 37. Rxc4 {[%clk 0:27:17]} dxc4
{[%clk 0:13:51]} 38. Qe6+ {[%clk 0:27:43]} Kh8 {[%clk 0:13:27]} 39. Bxc6
{[%clk 0:28:05]} Re7 {[%clk 0:13:49]} 40. Qxc4 {[%clk 0:27:31]} Qc8
{[%clk 0:12:00]} 41. a4 {[%clk 0:26:54]} Red7 {[%clk 0:12:05]} 42. b5
{[%clk 0:26:38]} axb5 {[%clk 0:08:47]} 43. axb5 {[%clk 0:27:00]} Rd2
{[%clk 0:08:05]} 44. Bc3 {[%clk 0:27:01]} Rc2 {[%clk 0:08:25]} 45. Rf1
{[%clk 0:22:22]} Qf5 {[%clk 0:07:19]} 46. Bd5 {[%clk 0:15:42]} Rc8
{[%clk 0:05:44]} 47. Bc6 {[%clk 0:15:34]} Rd8 {[%clk 0:06:14]} 48. g4
{[%clk 0:14:42]} Qg5 {[%clk 0:02:08]} 49. Bg2 {[%clk 0:14:25]} e4
{[%clk 0:01:25]} 50. Qb3 {[%clk 0:13:48]} Re2 {[%clk 0:01:04]} 51. Rd1
{[%clk 0:13:34]} Rb8 {[%clk 0:00:36]} 52. Qd5 {[%clk 0:13:01]} Rxb5
{[%clk 0:00:35]} 53. Qxg5 {[%clk 0:13:18]} hxg5 {[%clk 0:00:34]} 54. Rd8+
{[%clk 0:13:44]} Kh7 {[%clk 0:00:52]} 55. Bxe4+ {[%clk 0:14:09]} f5
{[%clk 0:01:18]} 56. Bxf5+ {[%clk 0:14:35]} Rxf5 {[%clk 0:01:42]} 57. gxf5
{[%clk 0:15:01]} Rc2 {[%clk 0:02:02]} 58. Bd4 {[%clk 0:15:26]} 1-0

[Event "ChampionshipRT"]
[Site "?"]
[Date "2015.10.07"]
[Round "6.9"]
[White "Markelova, Lubov"]
[Black "Bulatova, Kamaliya"]
[Result "1-0"]
[LiveChessVersion "1.4.6"]
[BlackElo "1808"]
[WhiteElo "2090"]

1. Nf3 {[%clk 1:29:51]} Nf6 {[%clk 1:30:54]} 2. c4 {[%clk 1:30:18]} g6
{[%clk 1:31:19]} 3. Nc3 {[%clk 1:30:45]} Bg7 {[%clk 1:31:41]} 4. e4
{[%clk 1:31:11]} d6 {[%clk 1:31:57]} 5. d4 {[%clk 1:31:36]} O-O {[%clk 1:32:17]}
6. Be2 {[%clk 1:31:58]} e5 {[%clk 1:32:35]} 7. d5 {[%clk 1:32:02]} a5
{[%clk 1:32:41]} 8. Bg5 {[%clk 1:31:30]} h6 {[%clk 1:32:50]} 9. Bh4
{[%clk 1:31:17]} Na6 {[%clk 1:32:50]} 10. Nd2 {[%clk 1:29:09]} Qe8
{[%clk 1:30:49]} 11. O-O {[%clk 1:25:33]} Nh7 {[%clk 1:29:24]} 12. a3
{[%clk 1:15:57]} Bd7 {[%clk 1:28:42]} 13. b4 {[%clk 1:11:31]} h5 {[%clk 1:03:27]}
14. f3 {[%clk 1:06:49]} axb4 {[%clk 1:01:31]} 15. axb4 {[%clk 1:06:09]} Nxb4
{[%clk 1:01:52]} 16. Rb1 {[%clk 0:45:17]} Na2 {[%clk 0:59:36]} 17. Nxa2
{[%clk 0:41:02]} Rxa2 {[%clk 0:59:52]} 18. Rxb7 {[%clk 0:37:19]} Bh6
{[%clk 0:58:08]} 19. Nb1 {[%clk 0:34:56]} Ba4 {[%clk 0:52:46]} 20. Qe1
{[%clk 0:32:47]} Qc8 {[%clk 0:51:17]} 21. Rb4 {[%clk 0:31:15]} Be3+
{[%clk 0:51:18]} 22. Bf2 {[%clk 0:28:01]} Bc5 {[%clk 0:50:53]} 23. Bxc5
{[%clk 0:25:34]} dxc5 {[%clk 0:51:16]} 24. Nc3 {[%clk 0:24:51]} Rxe2
{[%clk 0:45:05]} 25. Qxe2 {[%clk 0:25:11]} cxb4 {[%clk 0:45:33]} 26. Nxa4
{[%clk 0:25:35]} Qa6 {[%clk 0:45:36]} 27. Nc5 {[%clk 0:23:44]} Qd6
{[%clk 0:39:23]} 28. Nd3 {[%clk 0:21:31]} c5 {[%clk 0:38:18]} 29. Qf2
{[%clk 0:19:09]} Rc8 {[%clk 0:36:19]} 30. f4 {[%clk 0:19:27]} exf4
{[%clk 0:36:28]} 31. e5 {[%clk 0:19:42]} Qb6 {[%clk 0:36:06]} 32. Qxf4
{[%clk 0:14:34]} Qa7 {[%clk 0:34:44]} 33. Qg3 {[%clk 0:12:00]} Nf8
{[%clk 0:33:25]} 34. Nf4 {[%clk 0:12:11]} Kh7 {[%clk 0:28:28]} 35. Nh3
{[%clk 0:08:42]} Kg8 {[%clk 0:25:54]} 36. Ng5 {[%clk 0:08:08]} Rc7
{[%clk 0:25:59]} 37. e6 {[%clk 0:03:28]} fxe6 {[%clk 0:24:14]} 38. Rxf8+
{[%clk 0:02:32]} Kxf8 {[%clk 0:24:05]} 39. Nxe6+ {[%clk 0:02:58]} Ke7
{[%clk 0:23:19]} 40. Qxc7+ {[%clk 0:02:25]} Qxc7 {[%clk 0:23:39]} 41. Nxc7
{[%clk 0:02:52]} g5 {[%clk 0:22:45]} 42. Kf2 {[%clk 0:02:18]} Kd6
{[%clk 0:22:22]} 43. Nb5+ {[%clk 0:02:36]} Ke5 {[%clk 0:22:38]} 44. Ke3
{[%clk 0:02:55]} g4 {[%clk 0:23:00]} 45. g3 {[%clk 0:02:44]} Kf5 {[%clk 0:23:02]}
46. d6 {[%clk 0:02:44]} Ke6 {[%clk 0:23:25]} 47. Ke4 {[%clk 0:02:56]} Kd7
{[%clk 0:23:02]} 48. Kd5 {[%clk 0:02:58]} b3 {[%clk 0:23:20]} 49. Nc3
{[%clk 0:03:17]} 1-0

[Event "ChampionshipRT"]
[Site "?"]
[Date "2015.10.07"]
[Round "6.10"]
[White "Khazieva, Elza"]
[Black "Shafigullina, Zarina"]
[Result "1/2-1/2"]
[LiveChessVersion "1.4.6"]
[BlackElo "1933"]
[WhiteElo "2130"]

1. e4 {[%clk 1:24:50]} c5 {[%clk 1:30:52]} 2. Nf3 {[%clk 1:25:09]} d6
{[%clk 1:31:04]} 3. d4 {[%clk 1:22:29]} cxd4 {[%clk 1:31:24]} 4. Qxd4
{[%clk 1:22:42]} Nc6 {[%clk 1:30:38]} 5. Bb5 {[%clk 1:22:59]} Bd7
{[%clk 1:30:15]} 6. Bxc6 {[%clk 1:22:50]} bxc6 {[%clk 1:30:01]} 7. c4
{[%clk 1:20:55]} e5 {[%clk 1:27:14]} 8. Qd3 {[%clk 1:20:23]} Nf6 {[%clk 1:27:38]}
9. O-O {[%clk 1:20:13]} Be7 {[%clk 1:27:11]} 10. Bg5 {[%clk 1:18:58]} Bg4
{[%clk 1:18:01]} 11. h3 {[%clk 1:12:35]} Bh5 {[%clk 1:18:02]} 12. Nc3
{[%clk 1:08:46]} Qb6 {[%clk 1:07:25]} 13. Rab1 {[%clk 0:55:50]} a5
{[%clk 1:07:00]} 14. Nh4 {[%clk 0:38:42]} Bg6 {[%clk 0:56:31]} 15. Qf3
{[%clk 0:32:05]} Nxe4 {[%clk 0:35:41]} 16. Nxe4 {[%clk 0:25:40]} Bxe4
{[%clk 0:36:04]} 17. Qxe4 {[%clk 0:26:05]} Bxg5 {[%clk 0:36:29]} 18. Nf5
{[%clk 0:26:24]} O-O {[%clk 0:33:19]} 19. Nxd6 {[%clk 0:23:17]} Qc5
{[%clk 0:33:07]} 20. Rbd1 {[%clk 0:20:12]} g6 {[%clk 0:20:19]} 21. Nb7
{[%clk 0:13:16]} Qb6 {[%clk 0:16:41]} 22. Qxe5 {[%clk 0:11:08]} Qxb7
{[%clk 0:17:07]} 23. Qxg5 {[%clk 0:11:33]} Qxb2 {[%clk 0:17:33]} 24. Rd2
{[%clk 0:11:44]} Qc3 {[%clk 0:17:17]} 25. Qf4 {[%clk 0:07:19]} Rab8
{[%clk 0:17:35]} 26. Rd6 {[%clk 0:06:39]} c5 {[%clk 0:16:15]} 27. Rc6
{[%clk 0:02:51]} Qa3 {[%clk 0:14:00]} 28. Re1 {[%clk 0:01:12]} Rbd8
{[%clk 0:05:47]} 29. Qc7 {[%clk 0:00:43]} Rc8 {[%clk 0:02:57]} 30. Qb6
{[%clk 0:00:46]} Qc3 {[%clk 0:02:49]} 31. Rd1 {[%clk 0:00:47]} Qxc4
{[%clk 0:02:18]} 32. Rxc8 {[%clk 0:01:06]} Rxc8 {[%clk 0:02:45]} 33. Qxa5
{[%clk 0:01:28]} Qe2 {[%clk 0:02:36]} 34. Re1 {[%clk 0:01:14]} Qd3
{[%clk 0:02:56]} 35. Re3 {[%clk 0:01:03]} Qd1+ {[%clk 0:03:17]} 36. Re1
{[%clk 0:01:11]} Qd3 {[%clk 0:03:40]} 37. Re3 {[%clk 0:00:42]} Qd1+
{[%clk 0:01:22]} 38. Re1 {[%clk 0:01:10]} Qd4 {[%clk 0:01:21]} 39. Rc1
{[%clk 0:00:44]} c4 {[%clk 0:01:36]} 40. Qc3 {[%clk 0:00:53]} Qxc3
{[%clk 0:00:38]} 41. Rxc3 {[%clk 0:01:22]} Kf8 {[%clk 0:01:01]} 42. Re3
{[%clk 0:00:51]} c3 {[%clk 0:01:00]} 43. Re1 {[%clk 0:01:16]} Ra8
{[%clk 0:00:38]} 44. Rc1 {[%clk 0:01:39]} Rxa2 {[%clk 0:00:44]} 45. Rxc3
{[%clk 0:02:07]} Kg7 {[%clk 0:01:04]} 46. g3 {[%clk 0:01:53]} h5 {[%clk 0:01:24]}
47. h4 {[%clk 0:02:15]} 1/2-1/2